The Scientific Revolution (Record no. 125186)
[ view plain ]
| 000 -LEADER | |
|---|---|
| fixed length control field | 00413nam a22001457a 4500 |
| 008 - FIXED-LENGTH DATA ELEMENTS--GENERAL INFORMATION | |
| fixed length control field | 160907b xxu||||| |||| 00| 0 eng d |
| 050 ## - LIBRARY OF CONGRESS CALL NUMBER | |
| Classification number | Q125.H287 |
| 100 ## - MAIN ENTRY--PERSONAL NAME | |
| Personal name | Harman, P.M. |
| 9 (RLIN) | 25602 |
| 245 ## - TITLE STATEMENT | |
| Title | The Scientific Revolution |
| Statement of responsibility, etc | P.M. Harman |
| 260 ## - PUBLICATION, DISTRIBUTION, ETC. (IMPRINT) | |
| Place of publication, distribution, etc | London |
| Name of publisher, distributor, etc | Methuen |
| Date of publication, distribution, etc | 1983 |
| 300 ## - PHYSICAL DESCRIPTION | |
| Extent | vii, 35p. ; |
| Dimensions | 22cm. |
| 440 ## - SERIES STATEMENT/ADDED ENTRY--TITLE | |
| Title | Lancaster pamphlets |
| 9 (RLIN) | 6010 |
| 650 ## - SUBJECT ADDED ENTRY--TOPICAL TERM | |
| Topical term or geographic name as entry element | Science |
| General subdivision | History |
| 9 (RLIN) | 25603 |
| 942 ## - ADDED ENTRY ELEMENTS (KOHA) | |
| Source of classification or shelving scheme | Library of Congress Classification |
| Item type | Monograph ( Printed materials) |
| Withdrawn status | Lost status | Source of classification or shelving scheme | Damaged status | Not for loan | Collection code | Home library | Current library | Shelving location | Date acquired | Total Checkouts | Full call number | Barcode | Date last seen | Date last borrowed | Price effective from | Koha item type |
|---|---|---|---|---|---|---|---|---|---|---|---|---|---|---|---|---|
| Library of Congress Classification | Main Collection | ARRUPE LIBRARY | ARRUPE LIBRARY | Main Collection | 07/09/2016 | 1 | Q125.H287 | 46500010236 | 03/07/2019 | 03/10/2016 | 07/09/2016 | Monograph ( Printed materials) |